01770nam a2200241Ia 4500001000600000003000900006008004100015040001300056040001300069041001300082100002100095100002900116245007900145245007800224250001100302260001200313260001000325260004900335300005700384500103500441650002101476650003101497C9474IT-RoPAU130308s9999 xx 000 0 und d aIT-RoPAU cIT-RoPAU aITALIANO aGandini Leonardo gCodice Aut. SPICS: 21334 aImmagine della città americana nel cinema hollywoodiano (1927-1932) (L') bImmagine della Citta' Americana nel Cinema hollywoodiano (1927-1932) (L') a1a ed. aBOLOGNA bClueb c1994 [1° Ed.:1994 - Ed.Ling.Originale:1994] a"288 p. (prefazione: no ; testo: 288 [pagine: 0-0])" aCittà. Cultura di Massa e mezzi di Comunicazione. Cinema tra muto e Sonoro. Cinema e Citta': Alcune Osservazioni di Metodo. Città Muta: Frammentarietà dell'ambiente Urbano, Dinamismo Sovversivo, Claustrofobie, Spedy tra Nomadismo e Stanzialità, Denominatori comuni dell'iconografia Urbana. Città della Malavita: Dinamismo Fisico e Mobilità Sociale, Banditi da Strada, Contrasti Urbani, spazi della Solitudine, Frammenti Domestici, Costruzione degli Ambienti. ricchezza e Sradicamento: Carceri Sterminate, solitudine e Superiorità, Dicotomie Urbane, Casa Come tetto Riparatore, Disgregazione Domestica. Arivare in Citta': Iniziazioni Urbane, Città Immorale, Alienazione della metropoli moderna, piaghe della Città. integrazione Urbana: Città Dall'Alto, sfera Domestica, Percorsi Modello e Deviazioni. visioni Alternative. Mappa di luoghi Urbani Rappresentativi. Schede e Note Critiche di vari Film di Ambientazione urbana realizzati Negli Anni 20 e 30, importanti per la Definizione della Città Hollywoodiana. aSAGGI SUL CINEMA eCodice materia Spics: 6811